[Event "EU-ch (Women) 25th"]
[Site "Rhodes"]
[Date "2025.04.07"]
[Round "7"]
[White "Ushenina, Anna"]
[Black "Gevorgyan, Maria"]
[Result "1-0"]
[WhiteElo "2423"]
[BlackElo "2234"]
[PlyCount "187"]
[EventDate "2025.03.31"]
[EventType "swiss"]
[EventRounds "11"]
[EventCountry "GRE"]
[SourceTitle "CB16_2025"]
[SourceDate "2025.04.16"]
[SourceVersion "1"]
[SourceVersionDate "2025.04.16"]
[SourceQuality "1"]

1. d4 f5 2. c4 g6 3. Nf3 Nf6 4. g3 Bg7 5. Bg2 0-0 6. 0-0 d6 7. Nc3 Qe8 8. Re1 Qf7 9. e4 Nxe4 10. Nxe4 fxe4 11. Rxe4 Bf5 12. Rh4 Qxc4 13. Bf1 Qc6 14. Qb3+ d5 15. Bf4 Bc2 16. Qe3 Qf6 17. Bg2 Nc6 18. Ng5 Rad8 19. Nxh7 Qxd4 20. Qe6+ Rf7 21. Ng5 Qf6 22. Bxd5 Rxd5 23. Qxd5 e6 24. Nxe6 Nb4 25. Qc4 Qxb2 26. Re1 Bd3 27. Qb3 Qxb3 28. axb3 Bc3 29. Rd1 Re7 30. Nc5 Bb5 31. Rd8+ Be8 32. Be3 Nc6 33. Rd3 Bf6 34. Rf4 Kg7 35. Nxb7 g5 36. Ra4 Ne5 37. Rd1 Nf3+ 38. Kg2 Bc6 39. Na5 Nh4+ 40. Kf1 Bxa4 41. bxa4 Nf5 42. Bxa7 Re4 43. Rd7+ Kg6 44. Rxc7 Rxa4 45. Nb3 Nd6 46. Rd7 Nb5 47. Be3 Ra3 48. Nd2 Ra4 49. Kg2 Nc3 50. Nf3 Ra2 51. h3 Ne4 52. Rb7 Nc3 53. Ra7 Rb2 54. Ra6 Ne4 55. Nxg5 Nxf2 56. Bxf2 Kxg5 57. Kf3 Rb3+ 58. Be3+ Kf5 59. Ra4 Bd8 60. Rf4+ Kg6 61. Re4 Kf5 62. g4+ Kg6 63. Re6+ Kf7 64. Re5 Bf6 65. Rf5 Ke6 66. Kf2 Bh4+ 67. Ke2 Rb2+ 68. Kd3 Rb3+ 69. Kd2 Be1+ 70. Ke2 Bh4 71. Rh5 Bf6 72. Ra5 Rb2+ 73. Kf3 Rb3 74. Ra6+ Ke5 75. Ra2 Ke6 76. Re2 Kd5 77. Kg2 Be5 78. Bf2 Rb4 79. Bg3 Bg7 80. Kf3 Rb3+ 81. Re3 Rb7 82. g5 Bd4 83. Re2 Rb1 84. h4 Rg1 85. h5 Bc3 86. h6 Rb1 87. Kg4 Rb7 88. Bf4 Ra7 89. g6 Rb7 90. Bg5 Ba1 91. Kf5 Kd6 92. Rd2+ Kc6 93. Ke6 Kb5 94. Be7 1-0

[Event "EU-ch rapid (Women)"]
[Site "Monaco"]
[Date "2025.01.12"]
[Round "7"]
[White "Ushenina, Anna"]
[Black "Zhukova, Natalia"]
[Result "1-0"]
[WhiteElo "2418"]
[BlackElo "2306"]
[PlyCount "47"]
[EventDate "2025.01.11"]
[EventType "swiss (rapid)"]
[EventRounds "11"]
[EventCountry "MNC"]
[SourceTitle "CB03_2025"]
[SourceDate "2025.01.15"]
[SourceVersion "1"]
[SourceVersionDate "2025.01.15"]
[SourceQuality "1"]

1. Nf3 d5 2. e3 Nf6 3. c4 e6 4. Nc3 a6 5. b3 c5 6. cxd5 exd5 7. d4 Nc6 8. Bb2 Bg4 9. dxc5 Bxc5 10. Be2 0-0 11. 0-0 Re8 12. Rc1 Ba7 13. h3 Be6 14. Bd3 d4 15. exd4 Nxd4 16. Nxd4 Qxd4 17. Qf3 Qh4 18. Ne4 Nxe4 19. Bxe4 Rad8 20. Rfd1 Bxf2+ 21. Kh1 Rxd1+ 22. Rxd1 Bxh3 23. Bxh7+ Qxh7 24. gxh3 1-0

[Event "EU-ch blitz (Women)"]
[Site "Monaco"]
[Date "2025.01.10"]
[Round "4"]
[White "Kulon, Klaudia"]
[Black "Ushenina, Anna"]
[Result "1/2-1/2"]
[WhiteElo "2393"]
[BlackElo "2418"]
[PlyCount "157"]
[EventDate "2025.01.10"]
[EventType "swiss (blitz)"]
[EventRounds "13"]
[EventCountry "MNC"]
[SourceTitle "CB03_2025"]
[SourceDate "2025.01.15"]
[SourceVersion "1"]
[SourceVersionDate "2025.01.15"]
[SourceQuality "1"]

1. c4 e6 2. g3 d5 3. Bg2 d4 4. Nf3 Nc6 5. 0-0 Nh6 6. e3 Nf5 7. e4 Nfe7 8. d3 Ng6 9. Ne1 h5 10. f4 h4 11. g4 h3 12. Bf3 f6 13. Bd2 a5 14. Bh1 Bd6 15. Qe2 Qe7 16. Nc2 Bd7 17. Nba3 e5 18. f5 Nf4 19. Bxf4 exf4 20. Nb5 Be5 21. b3 Nb4 22. a3 Nxc2 23. Qxc2 c6 24. a4 cxb5 25. axb5 Kf7 26. Bf3 g5 27. Rfb1 b6 28. Qd1 Rac8 29. Ra4 Bd6 30. Qe2 Bb4 31. Qd1 Rc7 32. Ra2 Rc5 33. Qe2 Qe5 34. Rd1 Qc7 35. Rb1 Rc8 36. Qf1 Rh8 37. Rd1 Bxb5 38. cxb5 Rc3 39. e5 Qxe5 40. Bc6 f3 41. Qxf3 Qf4 42. Re2 Bd6 43. Qxf4 Bxf4 44. Bd5+ Kf8 45. Bc4 Be5 46. Rde1 Ke7 47. Rxe5+ fxe5 48. Rxe5+ Kd6 49. Rd5+ Kc7 50. f6 Rf8 51. Rf5 Rc2 52. f7 Kd6 53. Rxg5 Ke7 54. Re5+ Kf6 55. Rf5+ Kg6 56. Rf2 Rc1+ 57. Rf1 Rc2 58. Rf4 Rg2+ 59. Kh1 Re2 60. Kg1 Rg2+ 61. Kh1 Re2 62. Kg1 Rg2+ 63. Kf1 Rxh2 64. Kg1 Re2 65. Rxd4 h2+ 66. Kh1 Rh8 67. Re4 Rf2 68. Re6+ Kg5 69. Re1 Kxg4 70. Bd5 Kg3 71. Bc6 Rf8 72. Bd5 Rd2 73. Re3+ Kg4 74. Re8 Kg3 75. Re3+ Kg4 76. Re4+ Kg3 77. Re3+ Kg4 78. Re4+ Kg3 79. Re3+ 1/2-1/2

[Event "EU-ch blitz (Women)"]
[Site "Monaco"]
[Date "2025.01.10"]
[Round "10"]
[White "Roebers, Eline"]
[Black "Ushenina, Anna"]
[Result "1-0"]
[WhiteElo "2381"]
[BlackElo "2418"]
[PlyCount "74"]
[EventDate "2025.01.10"]
[EventType "swiss (blitz)"]
[EventRounds "13"]
[EventCountry "MNC"]
[SourceTitle "CB03_2025"]
[SourceDate "2025.01.15"]
[SourceVersion "1"]
[SourceVersionDate "2025.01.15"]
[SourceQuality "1"]

1. e4 c5 2. Nf3 e6 3. Be2 a6 4. 0-0 Nc6 5. c4 Nge7 6. d4 cxd4 7. Nxd4 Nxd4 8. Qxd4 Nc6 9. Qe3 Be7 10. Nc3 0-0 11. Qg3 d6 12. Bh6 Bf6 13. Rad1 Kh8 14. Bf4 e5 15. Be3 Bh4 16. Qf3 Bf6 17. Nd5 Bg5 18. Bb6 Qd7 19. Qg3 Bd8 20. Be3 Qe8 21. f4 Be6 22. f5 Bxd5 23. Rxd5 Be7 24. Qg4 Nb4 25. Rd2 Nxa2 26. Rf3 f6 27. Rh3 Qf7 28. Rh5 Nb4 29. Qh3 g6 30. fxg6 Qxg6 31. Bg4 Rf7 32. Bf5 Qg8 33. Be6 Nc6 34. Rf2 Raf8 35. Rff5 Qg6 36. Rh6 Qg8 37. Rfh5 Nd8 1-0

[Event "EU-ch blitz (Women)"]
[Site "Monaco"]
[Date "2025.01.10"]
[Round "1"]
[White "Ushenina, Anna"]
[Black "Moerwald, Magdalena"]
[Result "1-0"]
[WhiteElo "2418"]
[BlackElo "2004"]
[PlyCount "81"]
[EventDate "2025.01.10"]
[EventType "swiss (blitz)"]
[EventRounds "13"]
[EventCountry "MNC"]
[SourceTitle "CB03_2025"]
[SourceDate "2025.01.15"]
[SourceVersion "1"]
[SourceVersionDate "2025.01.15"]
[SourceQuality "1"]

1. Nf3 Nf6 2. d4 d5 3. c4 e6 4. Bg5 Be7 5. e3 0-0 6. Nbd2 Nbd7 7. Rc1 c5 8. dxc5 Nxc5 9. a3 dxc4 10. Bxc4 Nd3+ 11. Bxd3 Qxd3 12. Qc2 Qb5 13. Nc4 Bd7 14. 0-0 Rac8 15. Nfe5 Bc6 16. Qe2 Qd5 17. f3 Bb5 18. Bf4 Nh5 19. Rfd1 Nxf4 20. exf4 Qc5+ 21. Kh1 f6 22. Nd7 Bxc4 23. Qe1 Qc6 24. Nxf8 Bxf8 25. b3 Qa6 26. Rxc4 Rxc4 27. bxc4 Qxc4 28. Qe3 Bc5 29. Qd3 Qa4 30. Qd8+ Kf7 31. Qc7+ Kg6 32. Rd7 Bf8 33. h3 Qxa3 34. Qc2+ Kh6 35. Rxb7 a5 36. Qd2 Qa1+ 37. Kh2 Kg6 38. Qd3+ f5 39. Qc4 Qf6 40. Rb6 Be7 41. Rxe6 1-0

[Event "EU-ch blitz (Women)"]
[Site "Monaco"]
[Date "2025.01.10"]
[Round "11"]
[White "Ushenina, Anna"]
[Black "Sliwicka, Alicja"]
[Result "1-0"]
[WhiteElo "2418"]
[BlackElo "2344"]
[PlyCount "79"]
[EventDate "2025.01.10"]
[EventType "swiss (blitz)"]
[EventRounds "13"]
[EventCountry "MNC"]
[SourceTitle "CB03_2025"]
[SourceDate "2025.01.15"]
[SourceVersion "1"]
[SourceVersionDate "2025.01.15"]
[SourceQuality "1"]

1. Nf3 d5 2. e3 Nf6 3. c4 e6 4. Nc3 a6 5. b3 b6 6. cxd5 exd5 7. Bb2 Bd6 8. g3 0-0 9. Bg2 c6 10. 0-0 Bg4 11. Rc1 Nbd7 12. Qc2 Rc8 13. Nd4 Bh5 14. d3 Bg6 15. Qd2 c5 16. Nde2 d4 17. exd4 cxd4 18. Ne4 Nc5 19. Nxf6+ Qxf6 20. Bxd4 Qe7 21. Nc3 Nxd3 22. Nd5 Qe6 23. Rxc8 Rxc8 24. Nxb6 Rd8 25. Nc4 Bxg3 26. Bb6 Bh4 27. Bxd8 Bxd8 28. Nb2 Qd6 29. Nxd3 Bxd3 30. Rd1 Bc7 31. Qxd3 Qxh2+ 32. Kf1 h5 33. Qxa6 Qf4 34. Qc4 Qe5 35. Qd5 Qh2 36. Qa8+ Kh7 37. Qe4+ g6 38. Rd7 Kg7 39. Qe7 Qf4 40. Rxc7 1-0

[Event "EU-ch blitz (Women)"]
[Site "Monaco"]
[Date "2025.01.10"]
[Round "5"]
[White "Ushenina, Anna"]
[Black "Tsolakidou, Stavroula"]
[Result "1/2-1/2"]
[WhiteElo "2418"]
[BlackElo "2451"]
[PlyCount "84"]
[EventDate "2025.01.10"]
[EventType "swiss (blitz)"]
[EventRounds "13"]
[EventCountry "MNC"]
[SourceTitle "CB03_2025"]
[SourceDate "2025.01.15"]
[SourceVersion "1"]
[SourceVersionDate "2025.01.15"]
[SourceQuality "1"]

1. Nf3 Nf6 2. c4 g6 3. d4 Bg7 4. g3 0-0 5. Bg2 d6 6. 0-0 Nc6 7. Nc3 e5 8. dxe5 dxe5 9. Bg5 h6 10. Qxd8 Rxd8 11. Bxf6 Bxf6 12. Nd5 Kg7 13. Nxc7 Rb8 14. Nd5 e4 15. Nd2 e3 16. fxe3 Bxb2 17. Rab1 Be5 18. Ne4 Bf5 19. Rb5 b6 20. Nb4 Nxb4 21. Rxe5 Be6 22. Rb5 Nxa2 23. c5 Bc4 24. Rb2 bxc5 25. Rc2 Bb3 26. Rxc5 Nb4 27. Rc7 a5 28. Nc5 Ba2 29. Ra7 Rb5 30. Nd3 Bc4 31. Nf4 Bb3 32. Ra1 a4 33. Nd3 Nxd3 34. exd3 Rxd3 35. Bf1 Rbd5 36. Bxd3 Rxd3 37. Re7 Rd2 38. Ra7 Kf6 39. R1xa4 Bxa4 40. Rxa4 Re2 41. Re4 Kf5 42. Re7 Kf6 1/2-1/2

[Event "EU-ch blitz (Women)"]
[Site "Monaco"]
[Date "2025.01.10"]
[Round "12"]
[White "Wagner, Dinara"]
[Black "Ushenina, Anna"]
[Result "0-1"]
[WhiteElo "2437"]
[BlackElo "2418"]
[PlyCount "92"]
[EventDate "2025.01.10"]
[EventType "swiss (blitz)"]
[EventRounds "13"]
[EventCountry "MNC"]
[SourceTitle "CB03_2025"]
[SourceDate "2025.01.15"]
[SourceVersion "1"]
[SourceVersionDate "2025.01.15"]
[SourceQuality "1"]

1. d4 d5 2. c4 dxc4 3. Nf3 Nf6 4. e3 e6 5. Bxc4 c5 6. 0-0 Nc6 7. a3 a6 8. Nc3 b5 9. Ba2 Bb7 10. d5 exd5 11. Nxd5 Nxd5 12. Bxd5 Bd6 13. e4 0-0 14. e5 Be7 15. Bf4 Qb6 16. Qe2 Rad8 17. Rad1 Na5 18. Bxb7 Nxb7 19. h3 h6 20. Qe4 c4 21. Qf5 Nc5 22. Be3 Qe6 23. Qxe6 Nxe6 24. Nd4 Nxd4 25. Rxd4 Rxd4 26. Bxd4 Rd8 27. Bc3 Bc5 28. Re1 Kf8 29. e6 f6 30. Kf1 Ke7 31. f4 g6 32. g4 Rd6 33. Kg2 Rxe6 34. Rxe6+ Kxe6 35. Kf3 f5 36. Bg7 h5 37. gxh5 gxh5 38. Bc3 Kd5 39. Bd2 Bd4 40. Bc1 c3 41. bxc3 Bxc3 42. Ke3 Kc4 43. Ke2 Kb3 44. Kd3 Bf6 45. Kd2 Bb2 46. Bxb2 Kxb2 0-1

[Event "EU-ch (Women) 24th"]
[Site "Rhodes"]
[Date "2024.04.20"]
[Round "2"]
[White "Ushenina, Anna"]
[Black "Terbe, Julianna"]
[Result "1-0"]
[WhiteElo "2418"]
[BlackElo "2274"]
[PlyCount "69"]
[EventDate "2024.04.19"]
[EventType "swiss"]
[EventRounds "10"]
[EventCountry "GRE"]
[SourceTitle "CBM 219 Extra"]
[Source "ChessBase"]
[SourceDate "2024.05.31"]
[SourceVersion "1"]
[SourceVersionDate "2024.05.31"]
[SourceQuality "1"]

1. d4 d5 2. c4 c6 3. cxd5 cxd5 4. Bg5 Nc6 5. Nc3 Qb6 6. e4 e6 7. exd5 exd5 8. Bb5 Be6 9. Nge2 h6 10. Bf4 Nf6 11. 0-0 Be7 12. Be5 0-0 13. Nf4 a6 14. Bd3 Rac8 15. Na4 Qa5 16. a3 b5 17. Nc3 Qd8 18. Qf3 Qd7 19. Rfe1 Bg4 20. Qg3 Nxe5 21. dxe5 Nh5 22. Nxh5 Bxh5 23. Ne2 Bxe2 24. Rxe2 Bc5 25. Rae1 Qe6 26. Kh1 Rc6 27. Bb1 f5 28. exf6 Qxf6 29. Qd3 Rd8 30. Qh7+ Kf7 31. h3 Rc7 32. Bf5 Re7 33. Rxe7+ Bxe7 34. Bg6+ Qxg6 35. Rxe7+ 1-0

[Event "EU-ch Rapid (Women)"]
[Site "Monaco"]
[Date "2024.01.13"]
[Round "1"]
[White "Ushenina, Anna"]
[Black "Piddubna, Bozhena"]
[Result "1-0"]
[WhiteElo "2415"]
[BlackElo "2035"]
[PlyCount "75"]
[EventDate "2024.01.13"]
[EventType "swiss (rapid)"]
[EventRounds "11"]
[EventCountry "MNC"]
[SourceTitle "CBM 218 Extra"]
[Source "ChessBase"]
[SourceDate "2024.03.31"]
[SourceVersion "1"]
[SourceVersionDate "2024.03.31"]
[SourceQuality "1"]

1. d4 Nf6 2. Nf3 e6 3. Bg5 d5 4. e3 Nbd7 5. Nbd2 Be7 6. Bd3 h6 7. Bh4 0-0 8. c3 b6 9. Qe2 Bb7 10. 0-0 Ne4 11. Bxe7 Qxe7 12. Rac1 Rac8 13. Ba6 Bxa6 14. Qxa6 Ndf6 15. c4 c5 16. cxd5 Nxd2 17. Nxd2 Nxd5 18. a3 Rc7 19. dxc5 Rxc5 20. Nb3 Rxc1 21. Rxc1 Qg5 22. Qc4 Rd8 23. h3 Rd7 24. Qc8+ Rd8 25. Qc4 Rd7 26. Qe4 Rd8 27. Nd4 Nf6 28. Qc2 Nd5 29. Nf3 Qf6 30. Rd1 g6 31. Rd4 Kg7 32. e4 Nf4 33. e5 Qe7 34. Rxf4 g5 35. Rd4 Rxd4 36. Nxd4 Qd7 37. Qe4 Qa4 38. Nxe6+ 1-0

[Event "Wch Blitz (Women)"]
[Site "Samarkand"]
[Date "2023.12.30"]
[Round "16"]
[White "Shukhman, Anna"]
[Black "Ushenina, Anna"]
[Result "0-1"]
[WhiteElo "2213"]
[BlackElo "2415"]
[PlyCount "108"]
[EventDate "2023.12.29"]
[EventType "swiss (blitz)"]
[EventRounds "17"]
[EventCountry "UZB"]
[SourceTitle "CBM 217 Extra"]
[Source "ChessBase"]
[SourceDate "2024.01.31"]
[SourceVersion "1"]
[SourceVersionDate "2024.01.31"]
[SourceQuality "1"]

1. e4 c5 2. Nf3 a6 3. c3 d5 4. exd5 Qxd5 5. d4 e6 6. Be2 Nf6 7. 0-0 Be7 8. c4 Qd6 9. Nc3 0-0 10. dxc5 Qxc5 11. Be3 Qc7 12. Rc1 Nbd7 13. Nd4 Ne5 14. b3 Rd8 15. Qc2 Neg4 16. g3 Nxe3 17. fxe3 b6 18. Bf3 Bb7 19. Qg2 Bxf3 20. Qxf3 Rac8 21. Ne4 Rd7 22. a4 Qe5 23. Nxf6+ Bxf6 24. Nc6 Qc5 25. Nd4 Bxd4 26. exd4 Qxd4+ 27. Kg2 Qb2+ 28. Kh3 Rcd8 29. Rcd1 g6 30. Rxd7 Rxd7 31. Rd1 Rxd1 32. Qxd1 Kg7 33. a5 bxa5 34. c5 Qc3 35. Qd6 e5 36. c6 e4 37. c7 e3 38. Qd7 e2 39. c8Q Qxc8 40. Qxc8 e1Q 41. Qxa6 Qe6+ 42. Qxe6 fxe6 43. Kg4 Kf6 44. Kf4 e5+ 45. Ke4 Ke6 46. h3 Kd6 47. g4 Ke6 48. g5 Kd6 49. Ke3 Kd5 50. Kd3 e4+ 51. Ke3 Ke5 52. h4 Kd5 53. h5 Ke5 54. h6 Kd5 0-1

[Event "Wch Blitz (Women)"]
[Site "Samarkand"]
[Date "2023.12.30"]
[Round "13"]
[White "Ushenina, Anna"]
[Black "Lei, Tingjie"]
[Result "1/2-1/2"]
[WhiteElo "2415"]
[BlackElo "2550"]
[PlyCount "122"]
[EventDate "2023.12.29"]
[EventType "swiss (blitz)"]
[EventRounds "17"]
[EventCountry "UZB"]
[SourceTitle "CBM 217 Extra"]
[Source "ChessBase"]
[SourceDate "2024.01.31"]
[SourceVersion "1"]
[SourceVersionDate "2024.01.31"]
[SourceQuality "1"]

1. d4 d5 2. Nf3 Nf6 3. e3 e6 4. Bd3 c5 5. b3 Nc6 6. 0-0 cxd4 7. exd4 Ne4 8. Bb2 Be7 9. Nbd2 f5 10. a3 0-0 11. c4 Bd7 12. b4 Be8 13. cxd5 exd5 14. Ne5 Nxe5 15. dxe5 a5 16. bxa5 Qxa5 17. Nb3 Qa7 18. Bd4 Qa4 19. f3 Ng5 20. Bf2 Ne6 21. Qc2 Bd7 22. Rfd1 Rac8 23. Qb2 b5 24. Nd4 Nxd4 25. Bxd4 Bc5 26. Bf1 Bxd4+ 27. Rxd4 Qa7 28. Qf2 Qc5 29. Rd2 Be6 30. Qxc5 Rxc5 31. Rb1 Ra8 32. Rxb5 Rxb5 33. Bxb5 Rxa3 34. Bc6 Ra5 35. Kf2 Rc5 36. Bb7 Kf7 37. g3 Ke7 38. Ke3 Kd7 39. Ba6 g5 40. h4 h6 41. hxg5 hxg5 42. Kd4 Ra5 43. Bd3 Ra4+ 44. Ke3 Ra3 45. Kd4 Ra4+ 46. Ke3 f4+ 47. Kf2 Ra3 48. Be2 Kc6 49. gxf4 gxf4 50. Rd4 Kc5 51. Rxf4 d4 52. Rf6 Kd5 53. Bc4+ Kxc4 54. Rxe6 Kd5 55. Re8 d3 56. Ke3 d2+ 57. Kxd2 Rxf3 58. Ke2 Rf5 59. e6 Re5+ 60. Kd3 Rxe6 61. Rxe6 Kxe6 1/2-1/2